| Tag |
First Indicator |
Second Indicator |
Subfields |
| LEADER |
00000cam a2200000 a 4500 |
| 001 |
in00000034416 |
| 005 |
20151007060715.0 |
| 008 |
871117s1988 nyua b 00100 eng |
| 010 |
|
|
|a 87033971
|
| 020 |
|
|
|a 0814757634 (alk. paper) :
|c $30.00
|
| 035 |
|
|
|a (OCoLC)17265738
|
| 035 |
|
|
|9 AAC1543AM
|
| 040 |
|
|
|a DLC
|c DLC
|d TXA
|d UtOrBLW
|
| 043 |
|
|
|a n-us---
|a n-usl--
|
| 049 |
|
|
|a TXAM
|c [A11508806]
|
| 050 |
0 |
0 |
|a E184.D9
|b C65 1988
|
| 082 |
0 |
|
|a 973/.043931
|2 19
|
| 245 |
0 |
0 |
|a Colonial Dutch studies :
|b an interdisciplinary approach /
|c edited by Eric Nooter and Patricia U. Bonomi.
|
| 264 |
|
1 |
|a New York :
|b New York University Press,
|c [1988]
|
| 264 |
|
4 |
|c ©1988
|
| 300 |
|
|
|a xii, 141 pages :
|b illustrations ;
|c 23 cm.
|
| 336 |
|
|
|a text
|b txt
|2 rdacontent
|
| 337 |
|
|
|a unmediated
|b n
|2 rdamedia
|
| 338 |
|
|
|a volume
|b nc
|2 rdacarrier
|
| 504 |
|
|
|a Includes bibliographies and indexes.
|
| 650 |
|
0 |
|a Dutch Americans
|x History
|y 17th century.
|
| 650 |
|
0 |
|a Dutch Americans
|x History
|y 18th century.
|
| 651 |
|
0 |
|a New York (State)
|x History
|y Colonial period, ca. 1600-1775.
|
| 651 |
|
0 |
|a Delaware River Valley (N.Y.-Del. and N.J.)
|x History.
|
| 700 |
1 |
|
|a Nooter, Eric,
|d 1950-
|
| 700 |
1 |
|
|a Bonomi, Patricia U.
|
| 999 |
|
|
|a MARS
|
| 999 |
f |
f |
|s ab9d67a0-abc1-3f10-9835-bfc92dd65b85
|i 7a90a4ee-9ff5-3acb-8cc1-2762b1614044
|t 0
|
| 952 |
f |
f |
|p ric
|a Texas A&M University
|b Rellis Campus
|c Joint Library Facility
|d Remote Storage
|t 0
|e E184.D9 C65 1988
|h Library of Congress classification
|i unmediated -- volume
|m A14811508806
|
| 998 |
f |
f |
|a E184.D9 C65 1988
|t 0
|l Remote Storage
|